| 000 | 03166cam a22012494i 4500 | ||
|---|---|---|---|
| 003 | PE-LiUPU | ||
| 005 | 20250813185405.0 | ||
| 008 | 17073 s2012 mau rb 001 0 eng d | ||
| 020 | _a9004232605 | ||
| 020 | _a9789004232600 | ||
| 035 | _a(Sirsi) a237846 | ||
| 040 |
_aPE-LiUPU _bspa _cPE-LiUPU _erda |
||
| 049 | _aPRUA | ||
| 082 | 0 | 4 |
_a320.54 _bW55 _223 |
| 100 | 1 |
_aWiedebach, Hartwig, _eautor. |
|
| 245 | 1 | 4 |
_aThe national element in Hermann Cohen's philosophy and religion / _cby Hartwig Wiedebach. |
| 264 | 1 |
_aLeiden : _bBrill, _c2012. |
|
| 300 |
_a258 páginas ; _c25 centimetros. |
||
| 336 |
_atext _2rdacontent |
||
| 337 |
_aunmediated _2rdamedia |
||
| 338 |
_avolume _2rdacarrier |
||
| 490 | 0 |
_aSupplements to The journal of Jewish thought and philosophy ; _vvol. 16 |
|
| 504 | _aBibliografía : páginas 249-255. | ||
| 504 | _aÍndices: páginas 257-258. | ||
| 505 | 0 | _aBiographical profile of an idea -- Logical dispositions -- Nationality as ´peopleof a state´-- The pure from of the national -- Nationality as community. | |
| 526 | _aP202 | ||
| 526 | _aP201 | ||
| 526 | _aP163 | ||
| 526 | _aP162 | ||
| 526 | _aP161 | ||
| 526 | _aP160 | ||
| 526 | _aP148 | ||
| 526 | _aP147 | ||
| 526 | _aP146 | ||
| 526 | _aP145 | ||
| 526 | _aP144 | ||
| 526 | _aP143 | ||
| 526 | _aP142 | ||
| 526 | _aP141 | ||
| 526 | _aP140 | ||
| 526 | _aP139 | ||
| 526 | _aP138 | ||
| 526 | _aP137 | ||
| 526 | _aP136 | ||
| 526 | _aP135 | ||
| 526 | _aP134 | ||
| 526 | _aP133 | ||
| 526 | _aP129 | ||
| 526 | _aP128 | ||
| 526 | _aP127 | ||
| 526 | _aP120 | ||
| 526 | _aP119 | ||
| 526 | _aP118 | ||
| 526 | _aP116 | ||
| 526 | _aP115 | ||
| 526 | _aP114 | ||
| 526 | _aP110 | ||
| 526 | _aP109 | ||
| 526 | _aP108 | ||
| 526 | _aP104 | ||
| 526 | _aP103 | ||
| 526 | _aP102 | ||
| 526 | _aP99 | ||
| 526 | _aP98 | ||
| 526 | _aP97 | ||
| 526 | _aP96 | ||
| 526 | _aP95 | ||
| 526 | _aP93 | ||
| 526 | _aP90 | ||
| 526 | _aP89 | ||
| 526 | _aP88 | ||
| 526 | _aP83 | ||
| 526 | _aP82 | ||
| 526 | _aP62 | ||
| 526 | _aP59 | ||
| 526 | _aP58 | ||
| 526 | _aP57 | ||
| 526 | _aP51 | ||
| 526 | _aP49 | ||
| 526 | _aP48 | ||
| 526 | _aP47 | ||
| 526 | _aP29 | ||
| 526 | _aP24 | ||
| 526 | _aP20 | ||
| 526 | _aP19 | ||
| 526 | _aP17 | ||
| 526 | _aP15 | ||
| 526 | _aP14 | ||
| 526 | _aP12 | ||
| 526 | _aP10 | ||
| 526 | _aP09 | ||
| 526 | _aP08 | ||
| 526 | _aP07 | ||
| 526 | _aP06 | ||
| 526 | _aP05 | ||
| 526 | _aP04 | ||
| 526 | _aP01 | ||
| 650 | 0 | _aCiudadanía. | |
| 650 | 0 | _aNacionalismo. | |
| 910 |
_ajck _bjvq _cjpc _d2017073 |
||
| 942 |
_2ddc _cBOOK |
||
| 949 |
_a320.54 W55 _wDEWEY _c1 _i76421 _lCATALOGING _mBUL _p149.00 _r0 _sY _tBOOK _u2017-07-3 _xTEOLOGÍA _zTEOLOGÍA _0COMPRA _o.CIRCNOTE. El documento es de alto precio. _o.STAFF. Colección Teología |
||
| 994 |
_aC0 _bPEPRU |
||
| 596 | _a1 | ||
| 999 |
_a320.54 W55 _wDEWEY _c24545 _i76421 _f2021-11-11 _g4 _lCCODEBUL1 _mBUL _p149.00 _r0 _sY _tBOOK _u2017-7-3 _xTEOLOGIA _PP35 _0COMPRA _o.STAFF. Colección Teología _d24545 |
||
| 980 |
_81 _gALBERTO SANCHEZ Responsable de Automatización |
||